01086nam a2200253 i 4500003000900000005001700009007000300026008004100029020001800070040003000088041000800118082001900126100004300145245010400188250002200292264005700314300004000371336002700411337003300438338002800471500008100499520020900580700004300789DO-SdBNP20250819113544.0ta250819t2025 dr a b 000 0 spa d z9789945291957 aDO-SdBNPbspacBNPHUerda aspa axxxxbN3222221 aNavarro Galicia, Maritzaeautora4aut.10aRiquitimpumplí, riquitimpumplá /cMaritza Navarro Galicia ; ilustraciones, Víctor Fco. Aquino aPrimera edición 4aSanto Domingo :b[editora no identificada],c©2025. a17 páginasbilustracionesc23 cm. atextobtxt2rdacontent asin mediaciónbn2rdamedia avolumenbnc2rdacarrier aEn el principio creó Dios los cielos y la tierra. Génesis: 1:1 (RVR1960) aLiam y Sofía, dos primos muy unidos viven en el centro de Las Amazonas. Sus aventuras nos llenarán de emoción. Arcoiris interplanetarios, extraterrestres y naves del espacio, recorriendo el espacio.1 aAquino, Víctor Fco.eilustrador4il.